00784nam a2200205 a 450000100100000000500170001000800410002702000150006804000250008308200130010810000250012124000260014624501000017226000430027230000280031550000760034370000310041995201110045099900170056100004154020201002035629.0131009s1997 ag a 000 0 spa d a9501517667 aDO-SdBNPbspacBNPHU axxxbxxx1 aChopra, Deepak9347110aOvercoming addictions10aVencer las adicciones. :bla solución espiritual /cDeepak Chopra; traducción, Ana Mazía. aBuenos Aires :bJavier Vergara,c1997. a133 p. :bil. ;c22 cm. aIncluye datos biografícos del autor en la solapa de la contraportada.1 aMazía, Anaetrad.911117 001050718MOaPDbPDcCTd2013-10-09iLF1l0oxxx xxxp41540-10r2020-06-25w2020-06-25y1ZNo se presta c41030d41030